[Event "ODJM A 2023"]
[Site "Willingen GER"]
[Date "2023.06.02"]
[Round "8"]
[White "Hofmann, Lorenz"]
[Black "Yelisieiev, Yevhenii"]
[Result "0-1"]
[Termination "normal"]
[Board "1"]
[BlackTitle "IM"]
[WhiteElo "2061"]
[BlackElo "2418"]
[WhiteClock "00:04:16"]
[BlackClock "00:14:31"]
[PlyCount "56"]
[WhiteFideId "12995509"]
[BlackFideId "14139642"]
[EventCountry "GER"]
[EventRounds "9"]
[EventType "swiss"]
[EventDate "2023.05.27"]

1. e4 {[%clk 01:30:59]} d6 {[%clk 01:30:54]} {[%emt 00:00:06]} 2. d4 {[%clk
01:31:24]} {[%emt 00:00:04]} Nf6 {[%clk 01:31:20]} {[%emt 00:00:04]} 3. Bd3
{[%clk 01:31:41]} {[%emt 00:00:14]} e5 {[%clk 01:31:45]} {[%emt 00:00:06]} 4.
c3 {[%clk 01:32:05]} {[%emt 00:00:06]} g6 {[%clk 01:32:09]} {[%emt 00:00:06]}
5. Nf3 {[%clk 01:32:17]} {[%emt 00:00:17]} Nbd7 {[%clk 01:32:25]} {[%emt
00:00:13]} 6. O-O {[%clk 01:32:34]} {[%emt 00:00:14]} Bg7 {[%clk 01:32:51]}
{[%emt 00:00:04]} 7. Re1 {[%clk 01:32:16]} {[%emt 00:00:48]} O-O {[%clk
01:33:11]} {[%emt 00:00:10]} 8. Nbd2 {[%clk 01:31:43]} {[%emt 00:01:03]} exd4
{[%clk 01:31:28]} {[%emt 00:02:12]} 9. cxd4 {[%clk 01:30:44]} {[%emt 00:01:29]}
c5 {[%clk 01:31:27]} {[%emt 00:00:31]} 10. d5 {[%clk 01:10:59]} {[%emt
00:20:15]} Ng4 {[%clk 01:28:30]} {[%emt 00:03:27]} 11. Nc4 {[%clk 00:52:15]}
{[%emt 00:19:14]} Nde5 {[%clk 01:25:35]} {[%emt 00:03:24]} 12. Rb1 {[%clk
00:39:58]} {[%emt 00:12:48]} Nxf3+ {[%clk 01:18:38]} {[%emt 00:07:27]} 13. Qxf3
{[%clk 00:34:49]} {[%emt 00:05:38]} b5 {[%clk 01:15:45]} {[%emt 00:03:23]} 14.
Ne3 {[%clk 00:32:33]} {[%emt 00:02:46]} Ne5 {[%clk 01:13:59]} {[%emt 00:02:16]}
15. Qe2 {[%clk 00:32:46]} {[%emt 00:00:18]} Nxd3 {[%clk 01:11:33]} {[%emt
00:02:56]} 16. Qxd3 {[%clk 00:33:12]} {[%emt 00:00:04]} c4 {[%clk 01:01:02]}
{[%emt 00:11:01]} 17. Qe2 {[%clk 00:29:14]} {[%emt 00:17:23]} Re8 {[%clk
00:59:23]} 18. b3 {[%clk 00:29:33]} Rxe4 {[%clk 00:57:58]} 19. bxc4 bxc4 {[%clk
00:57:36]} 20. f3 {[%clk 00:29:40]} Re8 {[%clk 00:30:27]} {[%emt 00:20:43]} 21.
Qxc4 {[%clk 00:24:42]} {[%emt 00:05:29]} Bf5 {[%clk 00:29:11]} {[%emt
00:01:44]} 22. Rb3 {[%clk 00:19:55]} {[%emt 00:05:17]} Rc8 {[%clk 00:27:37]}
{[%emt 00:02:05]} 23. Qb4 {[%clk 00:18:59]} {[%emt 00:01:26]} a5 {[%clk
00:26:34]} {[%emt 00:01:33]} 24. Qf4 {[%clk 00:16:12]} {[%emt 00:03:17]} Be5
{[%clk 00:22:53]} {[%emt 00:04:11]} 25. Qh6 {[%clk 00:15:45]} {[%emt 00:00:57]}
a4 {[%clk 00:20:02]} {[%emt 00:03:21]} 26. Ra3 {[%clk 00:07:23]} {[%emt
00:08:51]} Qb6 {[%clk 00:18:56]} {[%emt 00:01:36]} 27. Bd2 {[%clk 00:06:23]}
{[%emt 00:01:31]} Qd4 {[%clk 00:15:00]} {[%emt 00:04:25]} 28. Rd1 {[%clk
00:04:16]} {[%emt 00:02:37]} Bf4 {[%clk 00:14:31]} {[%emt 00:00:59]} 0-1

[Event "ODJM A 2023"]
[Site "Willingen GER"]
[Date "2023.06.02"]
[Round "8"]
[White "Stemmler, Fabian"]
[Black "Sabirov, Ramil"]
[Result "1/2-1/2"]
[Termination "normal"]
[Board "3"]
[WhiteElo "2084"]
[BlackElo "2109"]
[WhiteClock "00:06:38"]
[BlackClock "00:14:13"]
[PlyCount "42"]
[WhiteFideId "12964808"]
[BlackFideId "12900303"]
[EventCountry "GER"]
[EventRounds "9"]
[EventType "swiss"]
[EventDate "2023.05.27"]

1. e4 {[%clk 01:30:57]} {[%emt 00:00:02]} c5 {[%clk 01:30:53]} {[%emt
00:00:08]} 2. Nf3 {[%clk 01:31:21]} {[%emt 00:00:06]} e6 {[%clk 01:31:18]}
{[%emt 00:00:05]} 3. d4 {[%clk 01:31:45]} {[%emt 00:00:05]} cxd4 {[%clk
01:31:43]} {[%emt 00:00:05]} 4. Nxd4 {[%clk 01:32:13]} {[%emt 00:00:02]} Nc6
{[%clk 01:32:07]} {[%emt 00:00:06]} 5. Nc3 {[%clk 01:32:31]} {[%emt 00:00:11]}
Qc7 {[%clk 01:32:33]} {[%emt 00:00:05]} 6. Be3 {[%clk 01:32:50]} {[%emt
00:00:10]} a6 {[%clk 01:32:54]} {[%emt 00:00:09]} 7. g4 {[%clk 01:33:09]}
{[%emt 00:00:11]} Bb4 {[%clk 01:20:54]} {[%emt 00:12:31]} 8. Nxc6 {[%clk
01:27:42]} {[%emt 00:05:57]} bxc6 {[%clk 01:16:03]} {[%emt 00:05:21]} 9. Qd4
{[%clk 01:21:27]} {[%emt 00:06:44]} Be7 {[%clk 01:15:23]} {[%emt 00:01:11]} 10.
g5 {[%clk 01:16:56]} {[%emt 00:05:01]} e5 {[%clk 01:13:54]} {[%emt 00:01:59]}
11. Qd2 {[%clk 00:42:11]} {[%emt 00:35:15]} Rb8 {[%emt 00:44:45]} 12. O-O-O
{[%clk 00:25:50]} {[%emt 00:01:43]} Qa5 {[%clk 00:34:47]} {[%emt 00:10:30]} 13.
Qd3 {[%clk 00:24:28]} {[%emt 00:01:52]} Bb4 {[%clk 00:33:44]} {[%emt 00:01:33]}
14. Bh3 {[%clk 00:21:18]} {[%emt 00:03:39]} d6 {[%clk 00:33:00]} {[%emt
00:01:14]} 15. Bxc8 {[%clk 00:21:22]} {[%emt 00:00:26]} Rxc8 {[%clk 00:33:27]}
{[%emt 00:00:03]} 16. Bd2 {[%clk 00:18:33]} {[%emt 00:03:18]} Ne7 {[%clk
00:28:04]} {[%emt 00:05:54]} 17. Nb1 {[%clk 00:10:17]} {[%emt 00:08:46]} d5
{[%clk 00:25:42]} {[%emt 00:02:51]} 18. Bxb4 {[%clk 00:07:54]} {[%emt
00:02:53]} Qxb4 {[%clk 00:26:07]} {[%emt 00:00:06]} 19. Qxa6 {[%clk 00:07:11]}
{[%emt 00:01:13]} Qxe4 {[%clk 00:24:45]} {[%emt 00:01:51]} 20. Qa3 {[%clk
00:06:15]} {[%emt 00:01:26]} Qf4+ {[%clk 00:23:26]} {[%emt 00:01:49]} 21. Qe3
{[%clk 00:06:38]} {[%emt 00:00:07]} Qxe3+ {[%clk 00:14:13]} {[%emt 00:09:44]}
1/2-1/2

[Event "ODJM A 2023"]
[Site "Willingen GER"]
[Date "2023.06.02"]
[Round "8"]
[White "Kruse, Victor"]
[Black "Sabirov, Rafael"]
[Result "1/2-1/2"]
[Termination "normal"]
[Board "4"]
[WhiteElo "1964"]
[BlackElo "2089"]
[WhiteClock "00:16:15"]
[BlackClock "00:27:23"]
[PlyCount "52"]
[WhiteFideId "16256964"]
[BlackFideId "16241185"]
[EventCountry "GER"]
[EventRounds "9"]
[EventType "swiss"]
[EventDate "2023.05.27"]

1. d4 {[%clk 01:30:07]} {[%emt 00:00:52]} Nf6 {[%clk 01:30:57]} {[%emt
00:00:03]} 2. c4 {[%clk 01:30:23]} {[%emt 00:00:15]} c5 {[%clk 01:31:26]}
{[%emt 00:00:01]} 3. d5 {[%clk 01:30:42]} {[%emt 00:00:11]} b5 {[%clk
01:31:56]} 4. cxb5 {[%clk 01:30:53]} {[%emt 00:00:19]} a6 {[%clk 01:32:25]}
{[%emt 00:00:01]} 5. bxa6 {[%clk 01:31:07]} {[%emt 00:00:16]} g6 {[%clk
01:32:54]} 6. Nc3 {[%clk 01:31:15]} {[%emt 00:00:22]} Bg7 {[%clk 01:33:23]} 7.
e4 {[%clk 01:31:04]} {[%emt 00:00:42]} O-O {[%clk 01:33:47]} {[%emt 00:00:06]}
8. Bc4 {[%clk 01:28:07]} {[%emt 00:03:28]} e6 {[%clk 01:34:12]} {[%emt
00:00:05]} 9. Nf3 {[%clk 01:28:00]} {[%emt 00:00:36]} exd5 {[%clk 01:34:34]}
{[%emt 00:00:08]} 10. Nxd5 {[%clk 01:27:43]} {[%emt 00:00:48]} Bxa6 {[%clk
01:34:57]} {[%emt 00:00:06]} 11. Bxa6 {[%clk 01:27:04]} {[%emt 00:01:10]} Nxa6
{[%clk 01:35:19]} {[%emt 00:00:07]} 12. Nxf6+ {[%clk 01:27:30]} {[%emt
00:00:04]} Qxf6 {[%clk 01:35:42]} {[%emt 00:00:07]} 13. Qxd7 {[%clk 01:27:58]}
{[%emt 00:00:03]} Rfd8 {[%clk 01:34:50]} {[%emt 00:01:21]} 14. Qh3 {[%clk
01:28:15]} {[%emt 00:00:13]} Nb4 {[%clk 01:33:03]} {[%emt 00:02:17]} 15. O-O
{[%clk 01:22:30]} {[%emt 00:06:15]} Qc6 {[%clk 01:25:22]} {[%emt 00:08:11]} 16.
e5 {[%clk 01:10:29]} {[%emt 00:12:32]} Nd3 {[%clk 01:17:48]} {[%emt 00:08:02]}
17. Bh6 {[%clk 00:40:30]} {[%emt 00:30:30]} Nxb2 {[%clk 00:53:52]} {[%emt
00:24:26]} 18. Bxg7 {[%clk 00:28:54]} {[%emt 00:16:32]} Kxg7 {[%clk 00:49:18]}
{[%emt 00:00:38]} 19. Qh4 {[%clk 00:26:10]} {[%emt 00:03:13]} Nd3 {[%clk
00:44:00]} {[%emt 00:05:47]} 20. Qc4 {[%clk 00:20:48]} {[%emt 00:05:52]} Qa4
{[%clk 00:38:17]} {[%emt 00:06:14]} 21. Qb3 {[%clk 00:16:28]} {[%emt 00:04:50]}
Qxb3 {[%clk 00:31:02]} {[%emt 00:07:45]} 22. axb3 {[%clk 00:16:47]} {[%emt
00:00:11]} Rxa1 {[%clk 00:31:17]} {[%emt 00:00:15]} 23. Rxa1 {[%clk 00:17:06]}
{[%emt 00:00:12]} Rb8 {[%clk 00:31:40]} {[%emt 00:00:06]} 24. Nd2 {[%clk
00:16:12]} {[%emt 00:01:24]} Nxe5 {[%clk 00:31:44]} {[%emt 00:00:27]} 25. Kf1
{[%clk 00:16:21]} {[%emt 00:00:20]} Nc6 {[%clk 00:28:56]} {[%emt 00:03:17]} 26.
Rc1 {[%clk 00:16:15]} {[%emt 00:00:37]} Rb5 {[%clk 00:27:23]} {[%emt 00:02:03]}
1/2-1/2

[Event "ODJM A 2023"]
[Site "Willingen GER"]
[Date "2023.06.02"]
[Round "8"]
[White "Koll, Linus"]
[Black "Brunner, Tobias"]
[Result "1/2-1/2"]
[Termination "normal"]
[Board "5"]
[WhiteElo "2084"]
[BlackElo "2017"]
[WhiteClock "00:21:55"]
[BlackClock "00:34:07"]
[PlyCount "109"]
[WhiteFideId "12990299"]
[BlackFideId "12949833"]
[EventCountry "GER"]
[EventRounds "9"]
[EventType "swiss"]
[EventDate "2023.05.27"]

1. e4 c6 {[%emt 0:00:07]} 2. Nf3 {[%emt 0:00:02]} d5 {[%emt 0:00:06]} 3. d3
{[%emt 0:00:04]} Bg4 {[%emt 0:00:46]} 4. h3 {[%emt 0:00:06]} Bxf3 {[%emt
0:04:48]} 5. Qxf3 {[%emt 0:00:04]} e6 {[%emt 0:00:06]} 6. g3 {[%emt 0:00:12]}
Nd7 {[%emt 0:01:59]} 7. Bg2 {[%emt 0:00:18]} Bd6 {[%emt 0:06:50]} 8. O-O {[%emt
0:01:53]} Ne7 {[%emt 0:04:10]} 9. Qe2 {[%emt 0:09:25]} O-O {[%emt 0:02:03]} 10.
Nd2 {[%emt 0:07:04]} Qb6 {[%emt 0:01:57]} 11. Kh2 {[%emt 0:04:41]} Rae8 {[%emt
0:06:24]} 12. f4 {[%emt 0:05:37]} f6 {[%emt 0:04:47]} 13. exd5 {[%emt 0:05:12]}
Nxd5 {[%emt 0:00:35]} 14. Nc4 {[%emt 0:00:11]} Qc7 {[%emt 0:00:45]} 15. Nxd6
{[%emt 0:00:53]} Qxd6 16. Qf2 {[%emt 0:13:42]} b6 {[%emt 0:03:06]} 17. Bd2
{[%emt 0:06:30]} Rf7 {[%emt 0:10:33]} 18. a3 {[%emt 0:06:03]} Nf8 {[%emt
0:09:24]} 19. Rae1 Nc7 {[%emt 0:04:20]} 20. Qf3 {[%emt 0:02:23]} c5 {[%emt
0:03:01]} 21. Qc6 {[%emt 0:02:14]} Rd8 {[%emt 0:01:08]} 22. Qxd6 {[%emt
0:00:28]} Rxd6 {[%emt 0:00:13]} 23. Be3 {[%emt 0:00:25]} Nb5 {[%emt 0:02:27]}
24. Rf2 {[%emt 0:06:00]} Rc7 {[%emt 0:03:33]} 25. c3 {[%emt 0:14:04]} Rd8
{[%emt 0:02:35]} 26. a4 {[%emt 0:01:54]} Nd6 {[%emt 0:01:38]} 27. g4 {[%emt
0:00:41]} Nb7 {[%emt 0:06:27]} 28. Bxb7 {[%emt 0:01:05]} Rxb7 {[%emt 0:00:06]}
29. d4 {[%emt 0:00:06]} cxd4 {[%emt 0:00:29]} 30. Bxd4 {[%emt 0:00:47]} Kf7
{[%emt 0:00:36]} 31. Kg3 {[%emt 0:00:46]} Rd5 {[%emt 0:01:20]} 32. Rfe2 {[%emt
0:01:25]} Re7 {[%emt 0:02:23]} 33. b4 {[%emt 0:01:42]} Nd7 {[%emt 0:02:10]} 34.
Kf3 {[%emt 0:06:25]} Nb8 {[%emt 0:01:57]} 35. Rd2 {[%emt 0:01:24]} Nc6 {[%emt
0:02:05]} 36. Red1 {[%emt 0:00:41]} Red7 {[%emt 0:00:30]} 37. Be3 {[%emt
0:00:47]} Rxd2 {[%emt 0:00:48]} 38. Rxd2 {[%emt 0:00:04]} Rxd2 {[%emt 0:00:13]}
39. Bxd2 {[%emt 0:00:05]} g6 {[%emt 0:00:07]} 40. Ke4 {[%emt 0:01:02]} Ke7
{[%emt 0:03:23]} 41. Kd3 {[%emt 0:06:02]} Kd6 {[%emt 0:03:23]} 42. c4 {[%emt
0:02:54]} f5 {[%emt 0:01:53]} 43. b5 {[%emt 0:00:40]} Nd8 {[%emt 0:02:23]} 44.
Bb4+ {[%emt 0:01:25]} Kd7 {[%emt 0:00:06]} 45. Kd4 {[%emt 0:00:48]} Nf7 {[%emt
0:00:39]} 46. gxf5 {[%emt 0:01:08]} exf5 {[%emt 0:01:16]} 47. c5 {[%emt
0:01:45]} g5 {[%emt 0:01:13]} 48. fxg5 Nxg5 49. Ke5 Nxh3 50. Kxf5 Nf2 51. a5
Kc7 52. cxb6+ axb6 53. a6 Kb8 54. Bd6+ Ka7 55. Bc7 1/2-1/2

[Event "ODJM A 2023"]
[Site "Willingen GER"]
[Date "2023.06.02"]
[Round "8"]
[White "Rohm, Linus"]
[Black "Gerlach, Felix"]
[Result "1/2-1/2"]
[Termination "normal"]
[Board "6"]
[WhiteElo "1911"]
[BlackElo "2078"]
[WhiteClock "01:27:06"]
[BlackClock "01:27:59"]
[PlyCount "42"]
[WhiteFideId "16298217"]
[BlackFideId "12957690"]
[EventCountry "GER"]
[EventRounds "9"]
[EventType "swiss"]
[EventDate "2023.05.27"]

1. e4 {[%clk 01:30:56]} {[%emt 00:00:03]} c5 {[%clk 01:30:54]} {[%emt
00:00:06]} 2. Nf3 {[%clk 01:31:17]} {[%emt 00:00:09]} Nc6 {[%clk 01:31:17]}
{[%emt 00:00:06]} 3. d4 {[%clk 01:31:36]} {[%emt 00:00:11]} cxd4 {[%clk
01:31:40]} {[%emt 00:00:07]} 4. Nxd4 {[%clk 01:31:59]} {[%emt 00:00:08]} Nf6
{[%clk 01:32:02]} {[%emt 00:00:07]} 5. Nc3 {[%clk 01:32:19]} {[%emt 00:00:11]}
e6 {[%clk 01:32:26]} {[%emt 00:00:06]} 6. Ndb5 {[%clk 01:31:30]} {[%emt
00:01:20]} Bb4 {[%clk 01:30:03]} {[%emt 00:02:52]} 7. a3 {[%clk 01:29:58]}
{[%emt 00:02:03]} Bxc3+ {[%clk 01:30:03]} {[%emt 00:00:29]} 8. Nxc3 {[%clk
01:30:20]} {[%emt 00:00:09]} d5 {[%clk 01:30:27]} {[%emt 00:00:05]} 9. exd5
{[%clk 01:29:44]} {[%emt 00:01:07]} exd5 {[%clk 01:30:48]} {[%emt 00:00:10]}
10. Bd3 {[%clk 01:29:40]} {[%emt 00:00:33]} O-O {[%clk 01:29:28]} {[%emt
00:01:50]} 11. O-O {[%clk 01:29:31]} {[%emt 00:00:38]} Bg4 {[%clk 01:29:35]}
{[%emt 00:00:23]} 12. f3 {[%clk 01:29:34]} {[%emt 00:00:29]} Bh5 {[%clk
01:29:50]} {[%emt 00:00:13]} 13. Bg5 {[%clk 01:29:47]} {[%emt 00:00:16]} Qb6+
{[%clk 01:29:46]} {[%emt 00:00:35]} 14. Kh1 {[%clk 01:30:04]} {[%emt 00:00:13]}
Ne4 {[%clk 01:29:47]} {[%emt 00:00:30]} 15. Nxe4 {[%clk 01:29:33]} {[%emt
00:01:00]} dxe4 {[%clk 01:29:59]} {[%emt 00:00:19]} 16. Bxe4 {[%clk 01:29:52]}
{[%emt 00:00:11]} Qxb2 {[%clk 01:30:12]} {[%emt 00:00:17]} 17. Qb1 {[%clk
01:28:36]} {[%emt 00:01:46]} Qxb1 {[%clk 01:30:29]} {[%emt 00:00:13]} 18. Rfxb1
{[%clk 01:28:59]} Bg6 {[%clk 01:30:16]} {[%emt 00:00:49]} 19. Bxg6 {[%clk
01:28:28]} {[%emt 00:01:02]} hxg6 {[%clk 01:29:45]} {[%emt 00:01:00]} 20. Rxb7
{[%clk 01:28:50]} {[%emt 00:00:09]} Rfc8 {[%clk 01:29:57]} {[%emt 00:00:17]}
21. Rab1 {[%clk 01:27:06]} {[%emt 00:02:15]} Na5 {[%clk 01:27:59]} {[%emt
00:02:28]} 1/2-1/2

[Event "ODJM A 2023"]
[Site "Willingen GER"]
[Date "2023.06.02"]
[Round "8"]
[White "Eberhart, Erik"]
[Black "Stork, Christopher"]
[Result "1/2-1/2"]
[Termination "normal"]
[Board "7"]
[WhiteElo "1764"]
[BlackElo "2035"]
[WhiteClock "00:27:30"]
[BlackClock "00:12:07"]
[PlyCount "46"]
[WhiteFideId "16239970"]
[BlackFideId "16215400"]
[EventCountry "GER"]
[EventRounds "9"]
[EventType "swiss"]
[EventDate "2023.05.27"]

1. e4 {[%clk 01:30:55]} {[%emt 00:00:04]} c6 {[%clk 01:30:49]} {[%emt
00:00:11]} 2. d4 {[%clk 01:31:06]} {[%emt 00:00:20]} d5 {[%clk 01:31:13]}
{[%emt 00:00:06]} 3. exd5 {[%clk 01:30:21]} {[%emt 00:01:15]} cxd5 {[%clk
01:31:37]} {[%emt 00:00:05]} 4. Bd3 {[%clk 01:30:47]} {[%emt 00:00:04]} Nc6
{[%clk 01:31:05]} {[%emt 00:01:03]} 5. c3 {[%clk 01:31:10]} {[%emt 00:00:08]}
Nf6 {[%clk 01:29:56]} {[%emt 00:01:38]} 6. Bf4 {[%clk 01:30:20]} {[%emt
00:01:18]} Bg4 {[%clk 01:24:32]} {[%emt 00:05:55]} 7. Qb3 {[%clk 01:20:09]}
{[%emt 00:10:41]} Qd7 {[%clk 01:23:14]} {[%emt 00:01:49]} 8. Nd2 {[%clk
01:19:07]} {[%emt 00:01:32]} e6 {[%clk 01:19:44]} {[%emt 00:04:01]} 9. Ngf3
{[%clk 01:16:18]} {[%emt 00:03:19]} Bxf3 {[%clk 01:16:14]} {[%emt 00:03:58]}
10. Nxf3 {[%clk 01:16:28]} {[%emt 00:00:21]} Bd6 {[%clk 01:14:24]} {[%emt
00:02:21]} 11. Bxd6 {[%clk 01:08:36]} {[%emt 00:08:20]} Qxd6 {[%emt 00:12:59]}
12. O-O {[%clk 00:57:25]} {[%emt 00:00:02]} Qc7 {[%clk 01:07:26]} {[%emt
00:06:39]} 13. Rae1 {[%clk 00:57:27]} {[%emt 00:00:28]} O-O {[%clk 01:05:31]}
{[%emt 00:02:25]} 14. Qd1 {[%clk 00:48:30]} {[%emt 00:09:27]} Rab8 {[%clk
01:00:36]} {[%emt 00:05:26]} 15. Ne5 {[%clk 00:46:30]} {[%emt 00:02:31]} Nxe5
{[%clk 00:48:37]} {[%emt 00:12:28]} 16. Rxe5 {[%clk 00:46:40]} {[%emt
00:00:19]} Qd8 {[%clk 00:34:32]} {[%emt 00:19:08]} 17. f4 {[%clk 00:43:52]} g6
{[%clk 00:32:23]} {[%emt 00:01:25]} 18. Qf3 {[%clk 00:37:35]} {[%emt 00:06:47]}
Nd7 {[%clk 00:23:16]} {[%emt 00:09:36]} 19. Re2 {[%clk 00:36:59]} {[%emt
00:01:05]} Qf6 {[%clk 00:20:02]} {[%emt 00:03:45]} 20. Kh1 {[%clk 00:33:42]}
{[%emt 00:03:48]} a6 {[%clk 00:19:22]} {[%emt 00:01:10]} 21. g4 {[%clk
00:33:20]} {[%emt 00:00:51]} Rbe8 {[%clk 00:15:37]} {[%emt 00:04:16]} 22. f5
{[%clk 00:30:47]} {[%emt 00:03:03]} Qg5 {[%clk 00:13:11]} {[%emt 00:02:56]} 23.
Rfe1 {[%clk 00:27:30]} {[%emt 00:03:48]} Nf6 {[%clk 00:12:07]} {[%emt
00:01:33]} 1/2-1/2

[Event "ODJM A 2023"]
[Site "Willingen GER"]
[Date "2023.06.02"]
[Round "8"]
[White "Weidenhöfer, Max"]
[Black "Lohr, Maximilian"]
[Result "0-1"]
[Termination "normal"]
[Board "8"]
[WhiteElo "2000"]
[BlackElo "2106"]
[WhiteClock "00:19:53"]
[BlackClock "00:33:06"]
[PlyCount "120"]
[WhiteFideId "16230566"]
[BlackFideId "12999717"]
[EventCountry "GER"]
[EventRounds "9"]
[EventType "swiss"]
[EventDate "2023.05.27"]

1. e4 c6 {[%emt 0:00:11]} 2. d4 d5 {[%emt 0:00:06]} 3. Nc3 {[%emt 0:00:05]}
dxe4 {[%emt 0:00:16]} 4. Nxe4 {[%emt 0:00:01]} Bf5 {[%emt 0:00:13]} 5. Ng3
{[%emt 0:00:33]} Bg6 {[%emt 0:03:58]} 6. h4 {[%emt 0:00:06]} h6 {[%emt
0:00:05]} 7. h5 {[%emt 0:00:07]} Bh7 {[%emt 0:00:06]} 8. Nf3 {[%emt 0:00:09]}
Nd7 {[%emt 0:00:14]} 9. Bd3 {[%emt 0:00:20]} Bxd3 {[%emt 0:00:09]} 10. Qxd3
{[%emt 0:00:03]} e6 {[%emt 0:00:28]} 11. Bf4 {[%emt 0:02:21]} Qa5+ {[%emt
0:01:04]} 12. Bd2 {[%emt 0:00:10]} Bb4 {[%emt 0:00:19]} 13. c3 {[%emt 0:01:02]}
Be7 {[%emt 0:00:09]} 14. c4 {[%emt 0:04:20]} Qc7 {[%emt 0:00:15]} 15. Ne4
{[%emt 0:09:36]} Ngf6 {[%emt 0:00:52]} 16. O-O-O {[%emt 0:01:25]} Rd8 {[%emt
0:03:04]} 17. Nxf6+ {[%emt 0:14:46]} Nxf6 {[%emt 0:00:10]} 18. Qe2 {[%emt
0:00:28]} c5 {[%emt 0:05:13]} 19. dxc5 {[%emt 0:04:32]} Qxc5 {[%emt 0:01:48]}
20. Kb1 {[%emt 0:02:51]} Qf5+ {[%emt 0:04:33]} 21. Ka1 {[%emt 0:00:08]} Qe4
{[%emt 0:06:45]} 22. Be3 {[%emt 0:06:57]} O-O {[%emt 0:01:38]} 23. Nd2 {[%emt
0:09:54]} Qc2 {[%emt 0:04:37]} 24. Rc1 {[%emt 0:08:25]} Qd3 {[%emt 0:01:18]}
25. Qf3 {[%emt 0:00:43]} Nd7 {[%emt 0:15:35]} 26. Rhd1 {[%emt 0:09:01]} Nc5
{[%emt 0:10:15]} 27. Qg4 {[%emt 0:01:57]} f5 {[%emt 0:01:20]} 28. Qf3 {[%emt
0:07:19]} f4 {[%emt 0:07:25]} 29. Bxc5 {[%emt 0:00:16]} Qxf3 {[%emt 0:00:08]}
30. Nxf3 {[%emt 0:02:45]} Bxc5 {[%emt 0:00:06]} 31. Re1 {[%emt 0:00:18]} Bxf2
{[%emt 0:02:42]} 32. Rxe6 {[%emt 0:01:22]} Rfe8 {[%emt 0:02:42]} 33. Rxe8+
{[%emt 0:00:35]} Rxe8 {[%emt 0:00:05]} 34. Rc2 {[%emt 0:00:10]} Bd4 {[%emt
0:02:37]} 35. Kb1 {[%emt 0:03:44]} Bf6 {[%emt 0:00:13]} 36. Rd2 {[%emt
0:00:42]} b6 {[%emt 0:04:52]} 37. Kc2 {[%emt 0:02:19]} Kf7 {[%emt 0:04:10]} 38.
b3 {[%emt 0:02:42]} Re7 {[%emt 0:01:10]} 39. Rf2 {[%emt 0:04:30]} Re3 {[%emt
0:09:57]} 40. Ng1 {[%emt 0:03:07]} Re5 {[%emt 0:05:04]} 41. Ne2 {[%emt
0:11:43]} f3 {[%emt 0:02:24]} 42. gxf3 {[%emt 0:00:05]} Rxh5 {[%emt 0:00:06]}
43. Kd3 Rh1 44. Ke4 h5 45. Kf4 Ke6 46. Kg3 Bh4+ 47. Kg2 Bxf2 48. Kxh1 g5 49.
Nc3 Ke5 50. Kg2 Be3 51. Nb5 a5 52. Kg3 Bc5 53. Kg2 Kf4 54. Nc7 Ke5 55. Nb5 h4
56. a3 Kf4 57. Nc7 h3+ 58. Kxh3 Kxf3 59. Ne6 g4+ 60. Kh2 Be3 0-1